000 00537nai a2200169Ia 4500
003 IN-BaIIA
008 211028c9999 xx s 000 0 eng d
022 _a1873-1988 (Online)
040 _cIIA Library
245 0 _aMetamaterials
_h[eJournal]
260 _aNew York
_bElsevier
310 _aQuarterly
362 _a1(1); 2007 - 6(4); 2012
521 _bSubscribed through National Knowledge Resource Consortium (NKRC)
856 _uhttps://www.sciencedirect.com/science/journal/18731988
_yClick Here to Access eJournal
942 _cEJ
999 _c35345
_d35345